000 00802nam a2200265Ia 4500
001 21322
003 DO-CoUTE
005 20260204212533.0
008 220104s9999 dr 000 0 spa d
020 _a958-20-0705-2
040 _aDO-CoUTE
_bspa
_cDO-CoUTE
041 0 _aspa
082 _a153.9 Z93d
100 1 _aDe Zuberia Samper, Julian
245 1 0 _aDiez estudios sobre inteligencia y excepcionalidad / Julian De Zuberia Samper
260 _aBogotá, Colombia : Cooperativa Editorial Magisterio
300 _a256 páginas
490 _aColección Aula Abierta
650 4 _aDesarrollo de la Inteligencia
650 4 _aInteligencia - Estudios
650 4 _aNiños Excepcionales
942 _2ddc
_cBK
999 _c20146
_d20146